000 00544nam a2200205Ia 4500
003 IIN
005 20240129165234.0
008 231217s9999 xx 000 0 und d
020 _cRs.1095.00
_a9788131244616
040 _aIIN
_bEnglish
082 _a616.9041
_bPAR
100 1 _aParija, Subhas Chandra
245 1 _aTextbook of Microbiology and Immunology
_cSubhas Chandra Parija
250 _a.- 3rd ed
260 _bElsevier
_aNew Delhi
_c2016
300 _axiv, 670 p.
650 1 _aMicrobiology
650 1 _aImmunology
942 _cBOOK
999 _c930
_d930